Management plan for Tubney Wood for the period 1989 to 1998

Bibliographic Details
Main Author: KOH
Format: Book
Published: (Oxford : University of Oxford) , 1988
Subjects:

MARC

LEADER 00000cam a2200000 7i4500
001 0000001444
005 20020304.0
090 0 0 |a R THE 634.90942574   |b KOH 1988 
100 1 0 |a KOH   |h Hock Lye 
245 1 0 |a Management plan for Tubney Wood for the period 1989 to 1998   |c Koh Hock Lye 
260 0 0 |a (Oxford :   |b University of Oxford) ,   |c 1988 
300 |a ii, 151 p. :   |b maps ;   |c 31 cm. 
500 0 0 |a Bibliography : [p. 151] 
500 0 0 |a Thesis : Master of Science - University of Oxford (1988) 
650 0 0 |a Forest management   |z Oxford, England 
650 0 0 |a Forests and forestry   |x Oxford, England 
650 0 0 |a Trees   |x Oxford, England 
998 |a JPSM 
999 |a 0000002472   |b Monograph   |c Reference   |e Default branch